Para la vida: un reto de comunicación
Guardat en:
| Autor corporatiu: | |
|---|---|
| Format: | Llibre |
| Idioma: | espanyol |
| Publicat: |
Barcelona
J. y J. Asociados
1988
|
| Matèries: | |
| Etiquetes: |
Afegir etiqueta
Sense etiquetes, Sigues el primer a etiquetar aquest registre!
|
MARC
| LEADER | 00000nam a2200000 a 4500 | ||
|---|---|---|---|
| 001 | UCW6608 | ||
| 003 | CL-VaPUC | ||
| 008 | 920410e19880000SP |||||||||||||||||spa|d | ||
| 082 | 0 | 4 | |a 649.1 |b UNI |2 21 |
| 110 | 2 | |a UNICEF |e author |9 311624 | |
| 245 | 1 | 0 | |a Para la vida: un reto de comunicación |
| 300 | |a 78 p | ||
| 942 | |c BK | ||
| 945 | |d 19920410 00:00:00 | ||
| 260 | |a Barcelona |b J. y J. Asociados |c 1988 | ||
| 650 | 7 | |a NIÑOS CUIDADO |2 CL-VaPUC |9 311421 | |
| 650 | 7 | |a NUTRICION INFANTIL |2 CL-VaPUC |9 260383 | |
| 583 | |a last modification |c 19920410 00:00:00 |k Rodrigo Vera | ||
| 999 | |c 219598 |d 219596 | ||
| 952 | |0 0 |1 0 |4 0 |6 649_100000000000000_UNI_1988 |7 0 |8 P |9 210705 |a BIBEDU |b BIBEDU |c BIBEDU_PB |d 2019-11-15 |i 2789124 |o 649.1 UNI 1988 |p 2789124 |r 2024-01-25 |w 2019-11-15 |y BK |k EDU | ||